000 00636nam a22002417a 4500
003 OSt
005 20140310183112.0
008 130128t xxu||||| |||| 00| 0 eng d
020 _a9789712350450
050 _aDS 668
_b.D877 2008
082 _aFIL 959.9
_bD88 2008
245 _aStruggle for Freedom
_cDuka, Cecilio D.
_bA Textbook on Philippine history
260 _aManila
_bRex Book Store
_cc2008
300 _a 422 p.
_c22 cm.
521 _acollege students
526 _c1210L-1700L
541 _j1
541 _j4
541 _j2
541 _j3
562 _e4
942 _2lcc
_cBK
_kFIL
999 _c18853
_d18853